Statistics for European Union Vehicle Registration Codes

Click here to take the quiz!

General Stats

  • This quiz has been taken 24 times
  • The average score is 24 of 28

Answer Stats

HintAnswer% Correct
AustriaA
100%
BelgiumB
94%
BulgariaBG
94%
CyprusCY
94%
Czech RepublicCZ
94%
GermanyD
94%
FranceF
94%
HungaryH
94%
ItalyI
94%
LuxembourgL
94%
PortugalP
94%
PolandPL
94%
SpainE
89%
GreeceGR
89%
MaltaM
89%
RomaniaRO
89%
SwedenS
89%
DenmarkDK
83%
LithuaniaLT
83%
LatviaLV
83%
SlovakiaSK
83%
United KingdomGB
78%
CroatiaHR
78%
The NetherlandsNL
78%
FinlandFIN
72%
EstoniaEST
67%
SloveniaSLO
56%
IrelandIRL
50%

Score Distribution

Percentile by Number Answered

Percent of People with Each Score

Your Score History

You have not taken this quiz